00321nam a2200133Ia 4500008004100000020001500041041001200056082001600068100001600084245002700100260003600127300000800163650001600171221030s9999 xx 000 0 und d a8170082196 aEnglish a105.23bMed aS. Medcroft 0aCall Centres Made Easy bFirewall Media PubaIndiac2002 a310 aBE Computer